000 00629nam a22002177a 4500
003 OSt
005 20140310183128.0
008 130531t xxu||||| |||| 00| 0 eng d
020 _a9718837183
050 _aPE 1460
_b.Ab117 2002
082 _aFIL 428
_bAb1 2002
245 _aLittle book of idioms (Idiomatic expressions)
_bA helpful book for student and professionals part 2
_cAbangan, Richard A.
250 _a2002 ed.
260 _aManila
_bCKC Publications
_cc2002
300 _aiii, 106 p.
_c18 cm.
521 _aCollege students
526 _c1210L-1700L
541 _j1
562 _e1
942 _2lcc
_cBK
_kFIL
999 _c19086
_d19086